| 000 | 00641nam a22002297a 4500 | ||
|---|---|---|---|
| 005 | 20220714111702.0 | ||
| 008 | 220714b ||||| |||| 00| 0 eng d | ||
| 020 | _a0749300302 | ||
| 040 | _cAL | ||
| 041 | _aEnglish | ||
| 082 |
_223 _a320.954 _bGUPI |
||
| 100 |
_aPranay Gupte _949164 |
||
| 245 | _aIndia: The Challenge of Change | ||
| 260 |
_aLondon _bMethuen Mandarin _c1989 |
||
| 300 |
_ax,403 p. _bPB _c19.5x12.5 cm. |
||
| 650 |
_aIndia _949165 |
||
| 650 |
_aIndia Politics _949166 |
||
| 650 |
_aIndia the Challenge of Change _949167 |
||
| 700 |
_aGUPTE (Pranay) _949168 |
||
| 700 |
_aMICHAELS (James W) _949169 |
||
| 942 |
_2ddc _cGF |
||
| 999 |
_c223760 _d223760 |
||